000 01214nam a2200301Ia 4500
001 ebr2001949
003 CaPaEBR
006 m u
007 cr cn|||||||||
008 841215r20001891onc s 000 0 eng d
020 _z1552730514
040 _aCaPaEBR
_cCaPaEBR
035 _a(OCoLC)70733309
050 1 4 _aHD6460
_b.H5 2000eb
082 0 4 _a338.6/32/0942
_220
100 1 _aHibbert, Francis Aidan,
_d1866-1933.
245 1 4 _aThe Influence and development of English gilds
_h[electronic resource] :
_bas illustrated by the history of the craft gilds of Shrewsbury /
_cFrancis Aidan Hibbert.
260 _aKitchener, Ont. :
_bBatoche,
_c2000.
300 _a111 p.
500 _aReprint. Originally published : Cambridge: University press, 1891.
533 _aElectronic reproduction.
_bPalo Alto, Calif. :
_cebrary,
_d2009.
_nAvailable via World Wide Web.
_nAccess may be limited to ebrary affiliated libraries.
546 _aEnglish.
650 0 _aGuilds
_zEngland.
650 0 _aLand use.
655 7 _aElectronic books.
_2local
710 2 _aebrary, Inc.
856 4 0 _uhttp://site.ebrary.com/lib/rucke/Doc?id=2001949
_zAn electronic book accessible through the World Wide Web; click to view
999 _c126498
_d126498